Gaming Quiz

Random Gaming or Rock Quiz

Guitar Hero WoR Songs Quiz Stats

 Plays Quiz not verified by Sporcle

Score 0/93 Timer 20:00
0 Plays Today
Band Song % Correct
QueenBohemian Rhapsody
81.6%
Avenged SevenfoldBat Country
81%
Drowning PoolBodies
80.7%
Linkin ParkBleed It Out
78.3%
NickelbackHow You Remind Me
76.2%
FlyleafAgain
75.5%
DragonforceFury of the Storm
74.6%
Metallica & Ozzy OsbourneParanoid
73.5%
Jethro TullAqualung
72%
Deep PurpleBurn
70.9%
The White StripesSeven Nation Army
70.3%
Rush2112 Pt. 3- Discovery
70.3%
Fall Out BoyDance, Dance
70%
R.E.M.Losing My Religion
70%
Rush2112 Pt. 1- Overture
69.8%
Rush2112 Pt. 6- Soliloquy
69.8%
Rush2112 Pt. 4- Presentation
69.6%
Rush2112 Pt. 7- Grand Finale
69.4%
Rush2112 Pt. 2- The Temples of Syrinx
69.1%
Rush2112 Pt. 5- Oracle: The Dream
68.9%
AerosmithCryin'
67.2%
Twisted SisterWe're Not Gonna Take It
66.9%
MegadethHoly Wars...The Punishment Due
65.7%
Jane's AddictionBeen Caught Stealing
65.6%
SoundgardenBlack Rain
65.6%
SlipknotPsychosocial
65%
Def LeppardPour Some Sugar on Me
64.8%
AnthraxIndians
64.3%
Blue Oyster CultBurnin' For You
63.5%
MegadethSudden Death
63.5%
MuseUprising
63.4%
Band Song % Correct
KISSLove Gun
62.6%
The RamonesTheme from Spider-Man
62.4%
Slash featuring Ian AstburyGhost
62.2%
Rise AgainstSavior
62.1%
Dire StraitsMoney for Nothing
61.7%
MegadethThis Day We Fight!
61.5%
My Chemical RomanceI'm Not Okay (I Promise)
61%
Black SabbathChildren of the Grave
60.2%
John 5 featuring Jim RootBlack Widow of La Porte
60%
The OffspringSelf Esteem
59.7%
SlayerChemical Warfare
59.5%
Creedence Clearwater RevivalFortunate Son
59.3%
ZZ TopSharp Dressed Man
58.9%
DethklokBloodlines
58.2%
Five Finger Death PunchHard to See
58.2%
PanteraI'm Broken
58%
Alice CooperNo More Mr. Nice Guy
56.9%
Sum 41Motivation
56.5%
The RunawaysCherry Bomb
56.2%
Edgar WinterFree Ride
56.2%
StyxRenegade
55.4%
Strung OutCalling
54.9%
The VinesGet Free
53.2%
QueensrycheJet City Woman
53.2%
Children of BodomIf You Want Peace...Prepare For War
52.7%
ForeignerFeels Like The First Time
52.3%
Arch EnemyNemesis
52.3%
Nine Inch NailsWish
52.3%
Lynyrd SkynyrdCall Me The Breeze
51.7%
BushMachinehead
51.7%
PhoenixLasso
51.4%
Band Song % Correct
OrianthiSuffocated
51.4%
Night Ranger(You Can Still) Rock in America
50.5%
The HivesTick Tick Boom
50.3%
Neil YoungRockin' in the Free World
49.7%
Steve VaiSpeeding (Vault Version)
49.7%
SnotDeadfall
49.2%
AnberlinThe Feel Good Drag
49.2%
PoisonUnskinny Bop
49.2%
Stone Temple PilotsInterstate Love Song
49%
Foo FightersNo Way Back
49%
Alter BridgeTies That Bind
47.5%
AtreyuRavenous
47.3%
TeslaModern Day Cowboy
45.7%
Band of SkullsI Know What I Am
45.5%
The CureFascination Street
45.3%
BuzzcocksWhat Do I Get?
44.4%
RammsteinWaidmanns Heil
44%
AFIDancing Through Sunday
43.3%
George Thorogood and the DestroyersMove It On Over
43.1%
Tom Petty and the HeartbreakersListen To Her Heart
42.5%
The Rolling StonesStray Cat Blues
42.2%
The Dillinger Escape PlanSetting Fire to Sleeping Giants
41.6%
Bad BrainsRe-Ignition
41.1%
A Perfect CircleThe Outsider
40.5%
Third Eye BlindGraduate
39.6%
Red RiderLunatic Fringe
39.6%
Blind MelonTones of Home
38.7%
InterpolSlow Hands
36.3%
Silversun PickupsThere's No Secrets This Year
35.2%
Them Crooked VulturesScumbag Blues
35%
RX BanditsIt's Only Another Parsec...
31.7%

You're not logged in!

Compare scores with friends on all Sporcle quizzes.
OR
Log In

Show Comments

Extras

Top Quizzes Today


Score Distribution

Your Account Isn't Verified!

In order to create a playlist on Sporcle, you need to verify the email address you used during registration. Go to your Sporcle Settings to finish the process.

Report this User

Report this user for behavior that violates our Community Guidelines.

Details: